<?xml version="1.0" encoding="UTF-8"?>
<record
    xmlns:xsi="http://www.w3.org/2001/XMLSchema-instance"
    xsi:schemaLocation="http://www.loc.gov/MARC21/slim http://www.loc.gov/standards/marcxml/schema/MARC21slim.xsd"
    xmlns="http://www.loc.gov/MARC21/slim">

  <leader>01020nam a2200265 a 4500</leader>
  <controlfield tag="001">828</controlfield>
  <controlfield tag="003">BR-CuiBMT</controlfield>
  <controlfield tag="005">20231121024628.0</controlfield>
  <controlfield tag="008">230731s2018    dfb           000 0 por d</controlfield>
  <datafield tag="020" ind1=" " ind2=" ">
    <subfield code="a">9788595270268</subfield>
  </datafield>
  <datafield tag="040" ind1=" " ind2=" ">
    <subfield code="a">BR-CuiBMT</subfield>
    <subfield code="c">BR-CuiBMT</subfield>
  </datafield>
  <datafield tag="080" ind1=" " ind2=" ">
    <subfield code="2">2007</subfield>
    <subfield code="a">347.963-056.26</subfield>
  </datafield>
  <datafield tag="090" ind1=" " ind2=" ">
    <subfield code="a">347.963-056.26</subfield>
    <subfield code="b">M665</subfield>
  </datafield>
  <datafield tag="245" ind1="0" ind2="0">
    <subfield code="a">Minist&#xE9;rio P&#xFA;blico, sociedade e a lei brasileira de inclus&#xE3;o da pessoa com defici&#xEA;ncia  /</subfield>
    <subfield code="c">organizadores Eug&#xEA;nia Augusta Gonzaga, Jorge Luiz Ribeiro de Medeiros ; [autores Ana Cl&#xE1;udia Mendes de Figueiredo ... et. al.]. </subfield>
  </datafield>
  <datafield tag="260" ind1=" " ind2=" ">
    <subfield code="a">Bras&#xED;lia :</subfield>
    <subfield code="b">ESMPU,</subfield>
    <subfield code="c">2018.</subfield>
  </datafield>
  <datafield tag="300" ind1=" " ind2=" ">
    <subfield code="a">302 p. ;</subfield>
    <subfield code="c">23 cm</subfield>
  </datafield>
  <datafield tag="500" ind1=" " ind2=" ">
    <subfield code="a">V&#xE1;rios autores.</subfield>
  </datafield>
  <datafield tag="504" ind1=" " ind2=" ">
    <subfield code="a">Inclui bibliografia.</subfield>
  </datafield>
  <datafield tag="650" ind1=" " ind2=" ">
    <subfield code="a">Minist&#xE9;rio p&#xFA;blico </subfield>
    <subfield code="x">Direitos humanos</subfield>
    <subfield code="z">Brasil</subfield>
  </datafield>
  <datafield tag="650" ind1=" " ind2=" ">
    <subfield code="a">Pessoa com defici&#xEA;ncia</subfield>
    <subfield code="v">Legisla&#xE7;&#xE3;o</subfield>
    <subfield code="z">Brasil</subfield>
  </datafield>
  <datafield tag="700" ind1="1" ind2=" ">
    <subfield code="a">Gonzaga, Eug&#xEA;nia Augusta</subfield>
    <subfield code="4">org.</subfield>
  </datafield>
  <datafield tag="700" ind1="1" ind2=" ">
    <subfield code="a">Medeiros, Jorge Luiz Ribeiro de.</subfield>
    <subfield code="4">org.</subfield>
  </datafield>
  <datafield tag="700" ind1="1" ind2=" ">
    <subfield code="a">Figueiredo, Ana Cl&#xE1;udia Mendes de</subfield>
    <subfield code="e">et al.</subfield>
    <subfield code="e">autores</subfield>
  </datafield>
  <datafield tag="942" ind1=" " ind2=" ">
    <subfield code="2">udc</subfield>
    <subfield code="c">LV</subfield>
  </datafield>
  <datafield tag="952" ind1=" " ind2=" ">
    <subfield code="0">0</subfield>
    <subfield code="1">0</subfield>
    <subfield code="2">udc</subfield>
    <subfield code="4">0</subfield>
    <subfield code="7">0</subfield>
    <subfield code="a">BIBTCEMT</subfield>
    <subfield code="b">BIBTCEMT</subfield>
    <subfield code="d">2023-11-20</subfield>
    <subfield code="l">0</subfield>
    <subfield code="o">347.963-056.26 M665</subfield>
    <subfield code="p">BIBTCEMT23110766</subfield>
    <subfield code="r">2023-11-20</subfield>
    <subfield code="t">Ex. 1</subfield>
    <subfield code="w">2023-11-20</subfield>
    <subfield code="y">LV</subfield>
  </datafield>
  <datafield tag="999" ind1=" " ind2=" ">
    <subfield code="c">828</subfield>
    <subfield code="d">828</subfield>
  </datafield>
</record>
